| 000 | 00692nam a2200217 u 4500 | ||
|---|---|---|---|
| 005 | 20230923063605.0 | ||
| 008 | 130807s2001 mx r 000 0 spa d | ||
| 020 | _a9687462272 | ||
| 035 | _aUPN01000192000 | ||
| 049 | _aCG | ||
| 050 | 4 |
_aGF50 _bI5.3 |
|
| 245 | 0 | 0 |
_aInforme sobre el desarrollo humano 2001 : _bponer el adelanto tecnológico al servicio del desarrollo humano / _cdir. Sakiko Fukuda-Parr. |
| 260 |
_aMéxico : _bMundi-Prensa, _c2001. |
||
| 300 |
_a268 p. : _btablas |
||
| 650 | 2 |
_aEcología humana _97042 |
|
| 650 | 2 |
_aDesarrollo humano _913482 |
|
| 650 | 4 |
_aDesarrollo sustentable _94974 |
|
| 700 | 1 |
_aFukuda-Parr, Sakiko, _edir. |
|
| 905 | _aLibro | ||
| 999 |
_c164103 _d164103 |
||